Предварительные результаты применения алгоритма нахождения отношения консенсуса в межлабораторных сравнительных испытаниях; Современные техника и технологии; Т. 1

Detalhes bibliográficos
Parent link:Современные техника и технологии: сборник трудов XVIII международной научно-практической конференции студентов, аспирантов и молодых ученых, Томск, 9-13 апреля 2012 г/ Национальный исследовательский Томский политехнический университет (ТПУ).— , 2012
Т. 1.— 2012.— [С. 179-180]
Autor principal: Воробьева Н. В.
Outros Autores: Маринушкина И. А. Ирина Александровна (научный руководитель), Муравьев С. В. Сергей Васильевич
Resumo:Заглавие с титульного листа
Idioma:russo
Publicado em: 2012
Colecção:Секция 1. Электроэнергетика
Assuntos:
Acesso em linha:http://www.lib.tpu.ru/fulltext/v/Conferences/2012/C2/V1/v1_087.pdf
Formato: Recurso Electrónico Capítulo de Livro
KOHA link:https://koha.lib.tpu.ru/cgi-bin/koha/opac-detail.pl?biblionumber=221690

MARC

LEADER 00000naa2a2200000 4500
001 221690
005 20260210161036.0
035 |a (RuTPU)RU\TPU\book\241867 
035 |a RU\TPU\book\241100 
090 |a 221690 
100 |a 20120913d2012 k y0rusy50 ca 
101 0 |a rus 
102 |a RU 
135 |a drnn ---uucaa 
181 0 |a i  
182 0 |a b 
200 1 |a Предварительные результаты применения алгоритма нахождения отношения консенсуса в межлабораторных сравнительных испытаниях  |f Н. В. Воробьева, И. А. Маринушкина  |g науч. рук. С. В. Муравьев 
203 |a Текст  |c электронный 
215 |a 1 файл (778 Кб) 
225 1 |a Секция 1. Электроэнергетика 
300 |a Заглавие с титульного листа 
320 |a [Библиогр.: с. 180 (5 назв.)] 
337 |a Adobe Reader 
461 1 |0 (RuTPU)RU\TPU\book\240890  |t Современные техника и технологии  |o сборник трудов XVIII международной научно-практической конференции студентов, аспирантов и молодых ученых, Томск, 9-13 апреля 2012 г  |o в 3 т.  |f Национальный исследовательский Томский политехнический университет (ТПУ)  |d 2012 
463 1 |0 (RuTPU)RU\TPU\book\240891  |t Т. 1  |v [С. 179-180]  |d 2012 
610 1 |a труды учёных ТПУ 
610 1 |a электронный ресурс 
610 1 |a испытательные лаборатории 
610 1 |a подмножества 
610 1 |a агретирование 
610 1 |a предпочтения 
610 1 |a консенсус 
700 1 |a Воробьева  |b Н. В. 
701 1 |a Маринушкина  |b И. А.  |c специалист в области контрольно-измерительной техники  |c ассистент Томского политехнического университета  |f 1986-  |g Ирина Александровна  |3 (RuTPU)RU\TPU\pers\29890  |9 14362 
702 1 |a Муравьев  |b С. В.  |c специалист в области контрольно-измерительной техники  |c профессор Томского политехнического университета, доктор технических наук  |f 1954-  |g Сергей Васильевич  |4 727 
801 2 |a RU  |b 63413507  |c 20130205  |g RCR 
856 4 |u http://www.lib.tpu.ru/fulltext/v/Conferences/2012/C2/V1/v1_087.pdf 
942 |c CF